|
|
|
|
| LEADER |
00848nab a2200253 i 4500 |
| 001 |
publ25293 |
| 005 |
20221007130446.0 |
| 008 |
221007s2022 hu o 0|| Magyar d |
| 022 |
|
|
|a 2060-0623
|
| 024 |
7 |
|
|a 10.21030/anyp.2022.2.1
|2 doi
|
| 024 |
7 |
|
|a 33080399
|2 mtmt
|
| 040 |
|
|
|a SZTE Publicatio Repozitórium
|b hun
|
| 041 |
|
|
|a Magyar
|
| 100 |
1 |
|
|a Fejes József Balázs
|
| 245 |
1 |
4 |
|a Nem érti, amit olvas! Kinek a feladata az olvasás tanítása?
|h [elektronikus dokumentum] /
|c Fejes József Balázs
|
| 260 |
|
|
|c 2022
|
| 300 |
|
|
|a 1-17
|
| 490 |
0 |
|
|a ANYANYELV-PEDAGÓGIA
|v 15 No. 2
|
| 650 |
|
4 |
|a Oktatástudomány
|
| 700 |
0 |
1 |
|a Hódi Ágnes
|e aut
|
| 700 |
0 |
2 |
|a Szenczi-Velkey Beáta
|e aut
|
| 700 |
0 |
2 |
|a Tary Blanka
|e aut
|
| 700 |
0 |
2 |
|a Vígh Tibor
|e aut
|
| 856 |
4 |
0 |
|u http://publicatio.bibl.u-szeged.hu/25293/1/FJB_HA_SZVB_TB_VT.pdf
|z Dokumentum-elérés
|